[Event "Zagreb"]
[Site "Zagreb CRO"]
[Date "1972.??.??"]
[Round "1"]
[White "Hort, Vlastimil"]
[Black "Stein, Leonid Z"]
[Result "1/2-1/2"]
[WhiteElo "2600"]
[BlackElo "2620"]
[PlyCount "50"]
[EventDate "1972.??.??"]
[Source "www.chesslib.no"]
[SourceDate "2004.05.04"]

1. d4 Nf6 2. c4 g6 3. Nc3 Bg7 4. e4 d6 5. Be2 O-O 6. Bg5 h6 7. Bh4 c5 8. d5 e6 9. Nf3 exd5 10. exd5 Bg4 11. O-O Nbd7 12. h3 Bxf3 13. Bxf3 Re8 14. Qd2 a6 15. a4 Qe7 16. Rae1 Qf8 17. a5 Nh7 18. Bd1 Rxe1 19. Rxe1 Ne5 20. b3 Re8 21. f4 Nd7 22. Bf2 Nhf6 23. Rxe8 Qxe8 24. Bc2 Qd8 25. Ne2 Qe7 1/2-1/2

[Event "LXI Lega superiore camp. russo"]
[Site "Novokuznetsk RUS"]
[Date "2008.09.11"]
[Round "8"]
[White "Yakovich, Yur"]
[Black "Amonatov, F."]
[Result "1-0"]
[WhiteElo "2566"]
[BlackElo "2650"]
[PlyCount "115"]
[EventDate "2008.09.03"]
[Source "www.chesslib.no"]
[SourceDate "2004.05.04"]

1. c4 Nf6 2. Nc3 g6 3. e4 d6 4. d4 Bg7 5. Be2 O-O 6. Bg5 c5 7. d5 a6 8. a4 Qa5 9. Bd2 e6 10. Nf3 exd5 11. exd5 Qd8 12. O-O Bf5 13. Nh4 Bc8 14. Nf3 Bf5 15. Nh4 Bc8 16. Qc1 Ng4 17. Bg5 f6 18. Bd2 Re8 19. h3 Ne5 20. f4 Nf7 21. f5 g5 22. Nf3 Nd7 23. a5 b6 24. axb6 Qxb6 25. Ra3 Rb8 26. b3 Nde5 27. Ne1 Rb7 28. Bh5 Rbe7 29. Qc2 Rf8 30. Ne4 Nh6 31. Ng3 Qb7 32. Nf3 Nef7 33. Raa1 Qd7 34. Nh2 Re5 35. Bg4 Rfe8 36. Rf2 R5e7 37. Bh5 Re5 38. Raf1 Rf8 39. Bg4 Re7 40. Bh5 Ree8 41. Ne4 Qe7 42. Ng3 Qd7 43. Bd1 Re7 44. Bc3 Rfe8 45. Nh5 Ne5 46. Nf3 Nhf7 47. Nd2 Nh6 48. Ne4 Rf7 49. Nxg7 Kxg7 50. Bh5 Rfe7 51. Nxg5 Rg8 52. Ne6+ Kh8 53. Bxe5 dxe5 54. Qc1 Nf7 55. Bxf7 Rxf7 56. Qe3 Qb7 57. Nxc5 Qb6 58. Re1 1-0

[Event "Puebla Memorial A"]
[Site "?"]
[Date "1999.??.??"]
[Round "?"]
[White "Berdichesky Ruben"]
[Black "Copie Jose Antonio"]
[Result "1/2-1/2"]
[WhiteElo "2630"]
[BlackElo "2550"]
[PlyCount "66"]
[EventDate "1999.??.??"]
[Source "www.chesslib.no"]
[SourceDate "2004.05.04"]

1. d4 g6 2. c4 Bg7 3. Nc3 d6 4. e4 Nf6 5. Be2 O-O 6. Bg5 c5 7. d5 h6 8. Be3 e6 9. h3 exd5 10. exd5 Re8 11. Qd2 Kh7 12. Bd3 b5 13. cxb5 Nbd7 14. Nge2 Ne5 15. Rd1 a6 16. a4 Nxd3+ 17. Qxd3 axb5 18. axb5 Nd7 19. Ng3 f5 20. O-O Qh4 21. Ra1 Rxa1 22. Rxa1 f4 23. Ra4 c4 24. Qxc4 Rxe3 25. fxe3 Qxg3 26. Qxf4 Qe1+ 27. Qf1 Qxe3+ 28. Qf2 Qc1+ 29. Kh2 Nc5 30. Ra7 Bb7 31. b4 Nd3 32. Qf7 Ne5 33. Qxb7 Qf4+ 1/2-1/2

[Event "Dallas Pinfork op2"]
[Site "Dallas, TX USA"]
[Date "1996.??.??"]
[Round "5"]
[White "Kaidanov, Gregory S"]
[Black "Hernandez, Gilberto"]
[Result "1-0"]
[WhiteElo "2605"]
[BlackElo "2555"]
[PlyCount "77"]
[EventDate "1996.??.??"]
[Source "www.chesslib.no"]
[SourceDate "2004.05.04"]

1. d4 Nf6 2. c4 g6 3. Nc3 Bg7 4. e4 d6 5. Be2 O-O 6. Bg5 c5 7. d5 h6 8. Bf4 Re8 9. Qd2 Kh7 10. h4 h5 11. Nf3 a6 12. Ng5+ Kg8 13. f3 b5 14. g4 b4 15. Nd1 e5 16. dxe6 Bxe6 17. Qxd6 Qxd6 18. Bxd6 hxg4 19. e5 Nc6 20. exf6 Bxc4 21. Ne4 gxf3 22. Bxf3 Nd4 23. fxg7 Nxf3+ 24. Kf2 Rxe4 25. Kxf3 Rae8 26. Kg3 Rd8 27. Nf2 Re3+ 28. Kf4 Re2 29. Bxc5 Rd5 30. Ba7 Rf5+ 31. Kg3 Bd5 32. Rhd1 Rf3+ 33. Kg4 Rf5 34. Rd3 Kxg7 35. Rad1 Bxa2 36. Kg3 Be6 37. Ng4 Kf8 38. Rd8+ Ke7 39. Nh6 1-0

[Event "BEL Team Ch 9596"]
[Site "Antwerp BEL"]
[Date "1996.??.??"]
[Round "?"]
[White "Kallai, Gabor"]
[Black "Glek, Igor V"]
[Result "1/2-1/2"]
[WhiteElo "2495"]
[BlackElo "2635"]
[PlyCount "74"]
[EventDate "1995.??.??"]
[Source "www.chesslib.no"]
[SourceDate "2004.05.04"]

1. d4 Nf6 2. c4 g6 3. Nc3 Bg7 4. e4 O-O 5. Be2 d6 6. Bg5 c5 7. d5 a6 8. a4 e6 9. Nf3 h6 10. Bd2 exd5 11. exd5 Bf5 12. O-O Ne4 13. Nxe4 Bxe4 14. Qc1 Kh7 15. a5 Nd7 16. Bc3 Re8 17. Re1 Bxf3 18. Bxg7 Kxg7 19. Qc3+ Qf6 20. Qxf6+ Kxf6 21. Bxf3 Rxe1+ 22. Rxe1 b6 23. axb6 Nxb6 24. Be2 a5 25. f4 Re8 26. Kf2 Re4 27. Kf3 Rd4 28. b3 a4 29. bxa4 Nxa4 30. Rd1 Nc3 31. Rxd4 cxd4 32. Bd3 Ke7 33. h4 f5 34. h5 gxh5 35. Bxf5 Kf6 36. Bd3 h4 37. Bc2 h5 1/2-1/2

[Event "32nd olm Yerevan ARM"]
[Site "?"]
[Date "1996.??.??"]
[Round "?"]
[White "Dao Thien Hai"]
[Black "Morovic Fernandez, I."]
[Result "1-0"]
[WhiteElo "2535"]
[BlackElo "2590"]
[PlyCount "115"]
[EventDate "1996.??.??"]
[Source "www.chesslib.no"]
[SourceDate "2004.05.04"]

1. d4 Nf6 2. c4 c5 3. d5 g6 4. Nc3 Bg7 5. e4 d6 6. Be2 O-O 7. Bg5 b5 8. cxb5 a6 9. a4 Qa5 10. Bd2 axb5 11. Bxb5 Na6 12. Nge2 Nb4 13. O-O Ba6 14. f3 Qb6 15. Be3 Ne8 16. Qb3 Qb7 17. Bxa6 Rxa6 18. Na2 Nc7 19. Nxb4 Rb6 20. Bd2 Na6 21. a5 Rb5 22. Qc4 cxb4 23. Nd4 Rc5 24. Qd3 Rc7 25. Nc6 Bxb2 26. Rab1 Ba3 27. Be3 Nb8 28. Nd4 Qa6 29. Qxa6 Nxa6 30. Nc6 Rfc8 31. Rfd1 Kf8 32. Bb6 Rb7 33. Kf1 Ke8 34. Rd2 Kd7 35. Rc2 Nc7 36. Bxc7 Rbxc7 37. Ke2 Rb7 38. Kd3 Rb5 39. a6 Ra8 40. a7 e6 41. Kd4 Rb7 42. Rb3 Rc7 43. Kd3 Rb7 44. g4 Rc7 45. h4 Rb7 46. f4 Rc7 47. f5 Rcc8 48. Rb1 gxf5 49. gxf5 Rg8 50. Nb8+ Kd8 51. dxe6 fxe6 52. fxe6 Ke7 53. Rc7+ Kxe6 54. Nc6 d5 55. Rb7 dxe4+ 56. Kc4 Rgc8 57. Kb5 Kf5 58. Ne7+ 1-0

[Event "Altensteig"]
[Site "?"]
[Date "1993.??.??"]
[Round "?"]
[White "Yusupov, A."]
[Black "Vogt, L."]
[Result "1-0"]
[WhiteElo "2630"]
[BlackElo "2495"]
[PlyCount "155"]
[EventDate "1993.??.??"]
[Source "ChessBase"]
[SourceDate "1993.06.01"]

1. d4 Nf6 2. c4 g6 3. Nc3 Bg7 4. e4 d6 5. Be2 O-O 6. Bg5 c5 7. d5 b5 8. cxb5 a6 9. a4 Qa5 10. Bd2 axb5 11. Bxb5 Na6 12. Nf3 Nb4 13. O-O Ba6 14. Bg5 h6 15. Bh4 Bxb5 16. axb5 Qc7 17. Qd2 Rxa1 18. Rxa1 Rb8 19. h3 Qb7 20. Bxf6 exf6 21. g4 Qd7 22. Kh2 Kh7 23. Nh4 Qe7 24. Ng2 f5 25. exf5 gxf5 26. Re1 Qf6 27. Qe2 Qe5+ 28. Kg1 Qxe2 29. Rxe2 Bxc3 30. bxc3 Nxd5 31. c4 Nb6 32. Rc2 fxg4 33. hxg4 Kg6 34. Ne3 h5 35. Rd2 Rd8 36. gxh5+ Kxh5 37. Ra2 Rd7 38. Ra6 Rb7 39. Kf1 Kg6 40. Ke2 f6 41. f4 Kf7 42. f5 Ke8 43. Kd3 Kd7 44. Ke4 Kc8 45. Nd5 Nxc4 46. Ra8+ Rb8 47. Rxb8+ Kxb8 48. Nxf6 Kc7 49. Nd5+ Kd7 50. b6 Kc6 51. f6 Ne5 52. Kf5 Nf7 53. Ke6 Ng5+ 54. Ke7 c4 55. Kd8 Kb7 56. Kd7 c3 57. Nxc3 Kxb6 58. Kxd6 Nf7+ 59. Ke6 Ng5+ 60. Kd6 Nf7+ 61. Ke7 Ne5 62. Ke6 Nc6 63. Kd6 Nd8 64. Nd5+ Kb7 65. Kd7 Nf7 66. Nf4 Ne5+ 67. Ke6 Nc6 68. Kd6 Nd8 69. Kd7 Nf7 70. Ng6 Ng5 71. Ke7 Kc6 72. Nf4 Kb7 73. Ne6 Nf3 74. Kd6 Nh4 75. f7 Ng6 76. Nf4 Nf8 77. Ke7 Nh7 78. Nd5 1-0

[Event "UT"]
[Site "Salt Lake City, UT USA"]
[Date "1993.??.??"]
[Round "?"]
[White "Kaidanov, Gregory S"]
[Black "Djuric, Stefan"]
[Result "1-0"]
[WhiteElo "2620"]
[BlackElo "2495"]
[PlyCount "105"]
[EventDate "1993.??.??"]
[Source "www.chesslib.no"]
[SourceDate "2004.05.04"]

1. c4 g6 2. d4 Nf6 3. Nc3 Bg7 4. e4 d6 5. Be2 O-O 6. Bg5 c5 7. d5 Qa5 8. Bd2 Qd8 9. Nf3 e5 10. O-O Nh5 11. g3 Bh3 12. Re1 Nf6 13. a3 Qe7 14. b4 Na6 15. Rb1 Rfc8 16. Ng5 Bd7 17. Bf1 Nh5 18. Nf3 Qf8 19. Nb5 Nf6 20. Nh4 Ne8 21. f4 exf4 22. gxf4 Nac7 23. Nxc7 Rxc7 24. bxc5 Bd4+ 25. Be3 Bxe3+ 26. Rxe3 Qh6 27. Ng2 Rxc5 28. Rxb7 Nf6 29. Be2 Rac8 30. h4 Be8 31. Qd4 Nd7 32. e5 Qg7 33. Re4 Ra5 34. Bg4 Rd8 35. Bxd7 Bxd7 36. Rxa7 Rxa7 37. Qxa7 Bf5 38. Re3 Qf8 39. exd6 Qxd6 40. Qe7 Qb8 41. h5 gxh5 42. Qg5+ Bg6 43. f5 h6 44. Qf6 Bh7 45. Rg3+ Qxg3 46. Qxd8+ Kg7 47. f6+ Kg6 48. Qh8 Qxa3 49. Qg7+ Kf5 50. Qxh7+ Kg5 51. Qe4 Kxf6 52. Qd4+ Kg6 53. d6 1-0

[Event "Pyramiden Franken Cup"]
[Site "Fuerth"]
[Date "1999.08.26"]
[Round "6"]
[White "Yakovich, Yuri"]
[Black "Gofshtein, Leonid D"]
[Result "1/2-1/2"]
[WhiteElo "2592"]
[BlackElo "2507"]
[PlyCount "85"]
[EventDate "1999.08.21"]
[Source "www.chesslib.no"]
[SourceDate "2004.05.04"]

1. d4 Nf6 2. c4 g6 3. Nc3 Bg7 4. e4 d6 5. Be2 O-O 6. Bg5 c5 7. d5 a6 8. a4 h6 9. Bf4 e6 10. Nf3 exd5 11. exd5 Re8 12. O-O Ne4 13. Nxe4 Rxe4 14. Be3 Qf6 15. Rb1 a5 16. Bd3 Re8 17. Qc1 Bg4 18. Nd2 Bf5 19. Bxf5 Qxf5 20. Nf3 g5 21. h4 f6 22. Qc3 Nd7 23. Qb3 gxh4 24. Nxh4 Qg4 25. g3 Re4 26. Kg2 Rxc4 27. f3 Rb4 28. Qc2 Qc4 29. Qf5 Nb6 30. Qg6 Qe2+ 31. Bf2 Qe8 32. Qd3 Qf7 33. Nf5 Bf8 34. Be1 Rxa4 35. Rd1 Nc4 36. Bc3 Re8 37. Rh1 h5 38. Rde1 Ne5 39. Qb5 Rc4 40. Ne3 Rb4 41. Bxb4 axb4 42. Rhf1 Re7 43. Nf5 1/2-1/2

[Event "Deutschland 84/(464)"]
[Site "?"]
[Date "2001.??.??"]
[Round "?"]
[White "Hort, V."]
[Black "Nataf, I.-A."]
[Result "1/2-1/2"]
[WhiteElo "2539"]
[BlackElo "2552"]
[PlyCount "46"]
[EventDate "2001.??.??"]
[Source "Chess Informant"]
[SourceDate "2002.02.01"]

1. d4 Nf6 2. c4 g6 3. Nc3 Bg7 4. e4 d6 5. Be2 O-O 6. Bg5 c5 7. d5 h6 8. Be3 e6 9. Qd2 exd5 10. exd5 Kh7 11. h3 Re8 12. Bd3 Na6 13. Nge2 Nd7 14. f4 Nb4 15. O-O Nxd3 16. Qxd3 f5 17. Bd2 Nf6 18. Rab1 Bd7 19. b3 Re7 20. Rfe1 Qc7 21. Ng3 Rae8 22. Rxe7 Rxe7 23. Re1 Qd8 1/2-1/2

[Event "United States of America"]
[Site "United States of America"]
[Date "1993.??.??"]
[Round "?"]
[White "Kaidanov, Gregory S"]
[Black "Yoos, Jack"]
[Result "1-0"]
[WhiteElo "2620"]
[BlackElo "2465"]
[PlyCount "73"]
[EventDate "1993.??.??"]
[Source "www.chesslib.no"]
[SourceDate "2004.05.04"]

1. d4 Nf6 2. c4 g6 3. Nc3 Bg7 4. e4 d6 5. Be2 O-O 6. Bg5 c5 7. d5 Qa5 8. Bd2 e6 9. Nf3 exd5 10. exd5 Bg4 11. O-O Qd8 12. h3 Bxf3 13. Bxf3 Nbd7 14. Qc2 a6 15. a4 Ne8 16. Rae1 f5 17. g3 Rb8 18. Bg2 Ne5 19. Ne2 b5 20. cxb5 axb5 21. Nf4 Nc7 22. Ba5 Qd7 23. Bxc7 Qxc7 24. Ne6 Qa5 25. Nxf8 Kxf8 26. axb5 Qxb5 27. Ra1 Nd3 28. Ra7 c4 29. Rc7 Nxb2 30. g4 Qb6 31. Rc6 Qb3 32. Qd2 c3 33. Qf4 Qb4 34. Rc8+ Kf7 35. Qe3 Be5 36. Rc7+ Ke8 37. Qg5 1-0

[Event "Lewkowitz Memorial A"]
[Site "Lewkowitz Memorial A"]
[Date "1994.??.??"]
[Round "?"]
[White "Berdichesky, Ruben"]
[Black "Metz, Werner Richard"]
[Result "1/2-1/2"]
[WhiteElo "2465"]
[BlackElo "2620"]
[PlyCount "52"]
[EventDate "1994.??.??"]
[Source "www.chesslib.no"]
[SourceDate "2004.05.04"]

1. d4 Nf6 2. c4 g6 3. Nc3 Bg7 4. e4 d6 5. Be2 O-O 6. Bg5 c5 7. d5 h6 8. Be3 e6 9. h3 exd5 10. exd5 Re8 11. Qd2 Kh7 12. Bd3 b5 13. cxb5 Nbd7 14. Nge2 Ne5 15. Rd1 Qa5 16. Nc1 Nxd3+ 17. Nxd3 a6 18. a3 axb5 19. b4 cxb4 20. axb4 Qa6 21. O-O Bb7 22. Nc1 Rac8 23. Bd4 Ne4 24. Nxe4 Rxe4 25. Bxg7 Kxg7 26. Rfe1 Rxe1+ 1/2-1/2

[Event "DSV-Turnier"]
[Site "Halle"]
[Date "1974.??.??"]
[Round "?"]
[White "Moehring, Guenther"]
[Black "Tal, Mihail"]
[Result "0-1"]
[WhiteElo "2450"]
[BlackElo "2635"]
[PlyCount "54"]
[EventDate "1974.??.??"]
[Source "ChessBase"]

1. d4 g6 2. e4 Bg7 3. c4 c5 4. d5 d6 5. Nc3 Nf6 6. Be2 O-O 7. Bg5 h6 8. Bf4 e6 9. Qd2 exd5 10. exd5 Kh7 11. O-O-O b5 12. cxb5 a6 13. b6 Qxb6 14. h3 Re8 15. Bf3 Nbd7 16. g4 Rb8 17. Nge2 Ne5 18. Bxe5 Rxe5 19. Rdg1 Qb4 20. Nf4 Ne4 21. Bxe4 Rxe4 22. Nxe4 Bxb2+ 23. Kd1 Qxe4 24. Re1 Qf3+ 25. Kc2 Qa3 26. Kd1 Bc3 27. Qe3 Rb2 0-1

[Event "JUG-ch"]
[Site "Belgrade"]
[Date "1999.??.??"]
[Round "4"]
[White "Damljanovic, Branko"]
[Black "Pavlovic, Milos"]
[Result "1/2-1/2"]
[WhiteElo "2551"]
[BlackElo "2525"]
[PlyCount "105"]
[EventDate "1999.03.??"]
[Source "www.chesslib.no"]
[SourceDate "2004.05.04"]

1. c4 g6 2. d4 Nf6 3. Nc3 Bg7 4. e4 d6 5. Be2 O-O 6. Bg5 c5 7. d5 a6 8. a4 h6 9. Bf4 e6 10. Qd2 exd5 11. exd5 Kh7 12. Nf3 Nh5 13. Be3 f5 14. Qc2 Nd7 15. O-O Kh8 16. g3 Qe8 17. Nh4 Nhf6 18. Rae1 Qf7 19. f4 Re8 20. Bf3 Nf8 21. Bd2 Bd7 22. h3 b6 23. Kh2 Rab8 24. Rxe8 Rxe8 25. Rb1 N6h7 26. Re1 Rxe1 27. Bxe1 g5 28. Ng2 Ng6 29. Bd2 gxf4 30. gxf4 Qe7 31. Qd1 Nh4 32. Nxh4 Qxh4 33. Qe1 Qf6 34. Qe2 Nf8 35. b3 Ng6 36. Qf2 Nxf4 37. Bxf4 Qxc3 38. Bxd6 Qxb3 39. Qg3 Qb2+ 40. Bg2 Bxa4 41. Qe3 Qf6 42. Bg3 Bd7 43. Qf4 Kh7 44. Qc7 Be8 45. Bd6 Qb2 46. Qe7 Bh5 47. Qd7 Bg6 48. Bf4 Qd4 49. Kg3 Qd3+ 50. Kh2 Qd4 51. Kg3 Qd3+ 52. Kh2 Qd4 53. Kg3 1/2-1/2

[Event "Paris Open"]
[Site "Paris FRA"]
[Date "1983.??.??"]
[Round "1"]
[White "Johansen, Darryl K"]
[Black "Nunn, John D M"]
[Result "1/2-1/2"]
[WhiteElo "2490"]
[BlackElo "2585"]
[PlyCount "33"]
[EventDate "1983.05.06"]
[Source "www.chesslib.no"]
[SourceDate "2004.05.04"]

1. d4 Nf6 2. c4 g6 3. Nc3 Bg7 4. e4 d6 5. Be2 O-O 6. Bg5 c5 7. d5 h6 8. Bf4 e6 9. dxe6 Bxe6 10. Bxd6 Re8 11. Nf3 Nc6 12. O-O Nd4 13. e5 Nd7 14. Nxd4 cxd4 15. Qxd4 Nxe5 16. Bxe5 Qxd4 17. Bxd4 1/2-1/2

[Event "CZE-ch"]
[Site "Opava"]
[Date "2000.05.24"]
[Round "3"]
[White "Meduna, Eduard"]
[Black "Babula, Vlastimil"]
[Result "1/2-1/2"]
[WhiteElo "2495"]
[BlackElo "2573"]
[PlyCount "86"]
[EventDate "2000.05.22"]
[Source "ChessBase"]
[SourceDate "2000.07.11"]

1. d4 Nf6 2. c4 g6 3. Nc3 Bg7 4. e4 d6 5. Be2 O-O 6. Bg5 c5 7. d5 h6 8. Bf4 e6 9. dxe6 Bxe6 10. Qd2 Qb6 11. Bxh6 Bxh6 12. Qxh6 Qxb2 13. Rc1 Nc6 14. h4 Ne5 15. Nh3 Bxh3 16. Rxh3 Nfg4 17. Qf4 f5 18. Rb1 Qc2 19. exf5 Rxf5 20. Qe4 Qxe4 21. Nxe4 Rf4 22. f3 b6 23. Rb3 Nh6 24. Nxd6 Nf5 25. Nb5 Rxh4 26. Rxh4 Nxh4 27. Kf2 Nf5 28. f4 Nf7 29. Bf3 Rd8 30. Bd5 Ne7 31. Nxa7 Nxd5 32. Nc6 Ra8 33. cxd5 Rxa2+ 34. Kf3 g5 35. g3 gxf4 36. gxf4 Ra6 37. Kg4 Nd6 38. Ne7+ Kf7 39. Nf5 Ne4 40. Re3 Nf6+ 41. Kg5 Ra7 42. Nh6+ Kg7 43. Nf5+ Kf7 1/2-1/2

[Event "Pools schev"]
[Site "Singapore"]
[Date "1997.??.??"]
[Round "7"]
[White "Rogers, Ian"]
[Black "Barcenilla, Rogelio"]
[Result "1-0"]
[WhiteElo "2600"]
[BlackElo "2465"]
[PlyCount "111"]
[EventDate "1997.05.31"]
[Source "ChessBase"]
[SourceDate "1997.07.29"]

1. d4 Nf6 2. c4 g6 3. Nc3 Bg7 4. e4 d6 5. Be2 O-O 6. Bg5 c5 7. d5 h6 8. Bf4 a6 9. Qd2 Kh7 10. a4 Nbd7 11. Nf3 Ng4 12. Bg3 Qa5 13. O-O Nge5 14. Nxe5 Nxe5 15. f4 Nd7 16. Bd3 Nf6 17. Rae1 Nh5 18. Bh4 Bf6 19. Bxf6 exf6 20. e5 f5 21. exd6 Qb6 22. Re7 Nf6 23. Qe2 Kg8 24. h3 Qxd6 25. Qe5 Rd8 26. a5 Kf8 27. Qxd6 Rxd6 28. Rc7 Nd7 29. Re1 b6 30. Na4 bxa5 31. Re2 Rb8 32. Nxc5 Nxc5 33. Rxc5 a4 34. Rc7 Bd7 35. Kf2 Be8 36. Ra7 Rdb6 37. c5 Rxb2 38. Rxa6 R2b4 39. Ke3 Rd8 40. c6 Rxd5 41. Ra8 Rc5 42. Kf3 Kg7 43. Rexe8 Rxc6 44. Rad8 g5 45. g3 Rc3 46. Rd7 a3 47. Ra7 Kg6 48. Ke3 gxf4+ 49. gxf4 Rcb3 50. Ra6+ Kg7 51. Re7 Rb5 52. Kd4 Rb8 53. Bc4 Rd8+ 54. Bd5 a2 55. Rxf7+ Kh8 56. Rxh6+ 1-0

[Event "Spartakiade tt 8th"]
[Site "Moscow RUS"]
[Date "1983.??.??"]
[Round "9"]
[White "Tukmakov, Vladimir B"]
[Black "Gufeld, Eduard E"]
[Result "1/2-1/2"]
[WhiteElo "2580"]
[BlackElo "2485"]
[PlyCount "65"]
[EventDate "1983.07.??"]
[Source "www.chesslib.no"]
[SourceDate "2004.05.04"]

1. d4 Nf6 2. c4 g6 3. Nc3 Bg7 4. e4 d6 5. Be2 O-O 6. Bg5 c5 7. d5 h6 8. Bf4 e6 9. dxe6 Bxe6 10. Bxd6 Re8 11. Nf3 Qb6 12. Bxb8 Raxb8 13. Qc2 Nh5 14. g3 Bxc3+ 15. Qxc3 Bh3 16. e5 Bg2 17. Rg1 Bxf3 18. Bxf3 Qd6 19. Kf1 Qxe5 20. Qxe5 Rxe5 21. Kg2 Ng7 22. Rge1 Rxe1 23. Rxe1 Kf8 24. Re3 b6 25. Ra3 a5 26. Rd3 Ke7 27. Bc6 Rd8 28. Rb3 Rb8 29. Re3+ Ne6 30. Bd5 Rd8 31. Bxe6 fxe6 32. Rb3 Rd4 33. Rxb6 1/2-1/2

[Event "Wien"]
[Site "?"]
[Date "1990.??.??"]
[Round "?"]
[White "Petursson, M."]
[Black "Wojtkiewicz, A."]
[Result "0-1"]
[WhiteElo "2550"]
[BlackElo "2515"]
[PlyCount "58"]
[EventDate "1990.??.??"]
[Source "ChessBase"]
[SourceDate "1990.07.01"]

1. d4 Nf6 2. c4 g6 3. Nc3 Bg7 4. e4 d6 5. Be2 O-O 6. Bg5 c5 7. d5 h6 8. Bf4 Re8 9. Qd2 Kh7 10. O-O-O b5 11. f3 Qa5 12. cxb5 a6 13. b6 Nbd7 14. b7 Bxb7 15. g4 Reb8 16. h4 Bc8 17. Qc2 Rxb2 18. Kxb2 Rb8+ 19. Kc1 Qa3+ 20. Kd2 Rb2 21. Rb1 Nxe4+ 22. Nxe4 Rxc2+ 23. Kxc2 f5 24. gxf5 gxf5 25. Bd3 c4 26. Ng5+ hxg5 27. Bxf5+ Kg8 28. Bd2 Qxa2+ 29. Kc1 Nc5 0-1

[Event "Gibraltar Masters"]
[Site "?"]
[Date "2003.02.06"]
[Round "10"]
[White "Johansen Darryl K"]
[Black "Kotronias Vasilios"]
[Result "1/2-1/2"]
[WhiteElo "2487"]
[BlackElo "2573"]
[PlyCount "54"]
[EventDate "2003.??.??"]
[Source "www.chesslib.no"]
[SourceDate "2004.05.04"]

1. Nf3 Nf6 2. c4 g6 3. Nc3 Bg7 4. d4 O-O 5. Bg5 c5 6. d5 d6 7. e4 h6 8. Bf4 a6 9. a4 Re8 10. Be2 e5 11. Bd2 a5 12. h3 Na6 13. Nh2 Nb4 14. O-O Qe7 15. Qc1 Kh7 16. Be3 b6 17. Qd2 Ba6 18. Rae1 Rf8 19. Kh1 Rae8 20. Rg1 Bc8 21. g4 Rh8 22. Rg3 Kg8 23. Reg1 Nh7 24. R1g2 Bf6 25. Nf3 Ng5 26. Nh2 Nh7 27. Nf3 Ng5 1/2-1/2

[Event "SUI Team Ch"]
[Site "Switzerland"]
[Date "1993.??.??"]
[Round "?"]
[White "Miralles, Gilles"]
[Black "Cvitan, Ognjen"]
[Result "0-1"]
[WhiteElo "2475"]
[BlackElo "2575"]
[PlyCount "92"]
[EventDate "1993.??.??"]
[Source "www.chesslib.no"]
[SourceDate "2004.05.04"]

1. d4 Nf6 2. c4 g6 3. Nc3 Bg7 4. e4 d6 5. Be2 O-O 6. Bg5 c5 7. d5 a6 8. a4 e6 9. Nf3 h6 10. Bf4 exd5 11. cxd5 Bg4 12. Nd2 Bxe2 13. Qxe2 Nh5 14. Be3 Nd7 15. O-O Re8 16. Rfc1 Ne5 17. Rab1 Qh4 18. Nf3 Nxf3+ 19. Qxf3 Rac8 20. g3 Qe7 21. Kg2 Nf6 22. Re1 Nd7 23. Qd1 Ne5 24. f4 Nc4 25. Bc1 Qd7 26. Qd3 Na5 27. Be3 Nb3 28. Rbd1 Nd4 29. h3 h5 30. Bg1 Re7 31. Rf1 Rce8 32. f5 gxf5 33. exf5 Bf6 34. Rf4 Ne2 35. Nxe2 Rxe2+ 36. Kh1 Rxb2 37. Qf3 Qe7 38. Qxh5 Qe2 39. Rg4+ Kf8 40. Qh6+ Ke7 41. Qe3+ Qxe3 42. Bxe3 Kd7 43. Bg1 b5 44. axb5 axb5 45. Ra1 Rh2+ 46. Kxh2 Bxa1 0-1

[Event "Sochi"]
[Site "Sochi RUS"]
[Date "1988.??.??"]
[Round "?"]
[White "Bareev, Evgeny I"]
[Black "Watson, William N"]
[Result "1-0"]
[WhiteElo "2550"]
[BlackElo "2500"]
[PlyCount "103"]
[EventDate "1988.09.??"]
[Source "www.chesslib.no"]
[SourceDate "2004.05.04"]

1. d4 Nf6 2. c4 g6 3. Nc3 Bg7 4. e4 d6 5. Be2 O-O 6. Bg5 c5 7. d5 h6 8. Bf4 e6 9. dxe6 Bxe6 10. Bxd6 Re8 11. Nf3 Nc6 12. O-O Nd4 13. e5 Nd7 14. Nxd4 cxd4 15. Qxd4 Nxe5 16. Bxe5 Qxd4 17. Bxd4 Bxd4 18. Rac1 Rad8 19. b3 Bxc3 20. Rxc3 Rd2 21. Bf3 Rxa2 22. Bxb7 Rb8 23. Be4 Ra3 24. Bc2 a5 25. Re3 Ra2 26. Bxg6 a4 27. bxa4 Bxc4 28. Bb1 Rab2 29. Bd3 Bxd3 30. Rxd3 Ra2 31. g3 Rxa4 32. Re1 Ra6 33. Re2 Kg7 34. Kg2 Rab6 35. Rdd2 Rb3 36. f4 R8b5 37. Kh3 Rh5+ 38. Kg4 Rhb5 39. Kh4 R3b4 40. h3 Kg6 41. Rd6+ Kg7 42. Re3 Rb3 43. Re7 Rb7 44. Rxb7 Rxb7 45. f5 Rb4+ 46. Kh5 Rb3 47. h4 Rf3 48. g4 Rh3 49. f6+ Kh7 50. Rd7 Kg8 51. Rd8+ Kh7 52. Rf8 1-0

[Event "Match"]
[Site "Cuernavaca"]
[Date "2003.10.16"]
[Round "3"]
[White "Gonzalez, Juan Carlos"]
[Black "Hernandez, Gilberto"]
[Result "1/2-1/2"]
[WhiteElo "2510"]
[BlackElo "2538"]
[PlyCount "74"]
[EventDate "2003.10.14"]
[Source "Roberto Alvarez"]
[SourceDate "2003.11.03"]

1. d4 Nf6 2. c4 g6 3. Nc3 Bg7 4. e4 d6 5. Be2 O-O 6. Bg5 c5 7. dxc5 dxc5 8. Qxd8 Rxd8 9. e5 Nfd7 10. f4 f6 11. exf6 Nxf6 12. Nf3 Nc6 13. O-O Bf5 14. Ne5 Nxe5 15. fxe5 Ne4 16. Bxe7 Nxc3 17. bxc3 Re8 18. g4 Rxe7 19. gxf5 Bxe5 20. Bf3 Bxc3 21. Rab1 Rb8 22. fxg6 hxg6 23. Bd5+ Kg7 24. Rb3 Bd4+ 25. Kh1 b6 26. Rbf3 Rbe8 27. a4 a5 28. Rf7+ Rxf7 29. Rxf7+ Kh6 30. Rb7 Re1+ 31. Kg2 Re2+ 32. Kf3 Rxh2 33. Rxb6 Ra2 34. Be4 Kg7 35. Rxg6+ Kf7 36. Ra6 Rxa4 37. Bc6 Ra1 1/2-1/2

[Event "Linares Open"]
[Site "Linares ESP"]
[Date "1994.??.??"]
[Round "6"]
[White "Petursson, Margeir"]
[Black "Ragozin, Evgeni"]
[Result "0-1"]
[WhiteElo "2550"]
[BlackElo "2495"]
[PlyCount "44"]
[EventDate "1994.01.??"]
[Source "www.chesslib.no"]
[SourceDate "2004.05.04"]

1. c4 Nf6 2. Nc3 g6 3. d4 Bg7 4. e4 d6 5. Be2 O-O 6. Bg5 c5 7. d5 h6 8. Bf4 e6 9. dxe6 Bxe6 10. Qd2 Qa5 11. Bxh6 Bxh6 12. Qxh6 Nxe4 13. Rc1 d5 14. Kf1 Nxc3 15. bxc3 Re8 16. h4 Qd8 17. Rd1 Qf6 18. cxd5 Bf5 19. h5 Nd7 20. Nf3 Rxe2 21. Kxe2 Qa6+ 22. Ke3 Re8+ 0-1

[Event "ARG-World"]
[Site "Buenos Aires"]
[Date "1994.??.??"]
[Round "7"]
[White "Sunye Neto, Jaime"]
[Black "Spangenberg, Hugo"]
[Result "1-0"]
[WhiteElo "2530"]
[BlackElo "2510"]
[PlyCount "59"]
[EventDate "1994.04.??"]
[Source "ChessBase"]

1. c4 g6 2. Nc3 Bg7 3. d4 Nf6 4. e4 d6 5. Be2 O-O 6. Bg5 c5 7. dxc5 Qa5 8. Bd2 Qxc5 9. Nf3 Bg4 10. O-O Nbd7 11. Be3 Qa5 12. h3 Bxf3 13. Bxf3 Rac8 14. Be2 Nb6 15. Qb3 Nfd7 16. Nd5 Nxd5 17. exd5 Nc5 18. Qc2 Na6 19. Rfd1 b5 20. a3 bxc4 21. Bxc4 e5 22. b4 Qc7 23. Rac1 Nb8 24. Qa4 Qe7 25. Bb5 Qh4 26. Qxa7 e4 27. Rxc8 Rxc8 28. Qb7 Rf8 29. Rc1 f5 30. g3 1-0

[Event "Recklinghausen op"]
[Site "Recklinghausen"]
[Date "1999.??.??"]
[Round "6"]
[White "Bischoff, Klaus"]
[Black "Glek, Igor V"]
[Result "1/2-1/2"]
[WhiteElo "2505"]
[BlackElo "2535"]
[PlyCount "23"]
[EventDate "1999.??.??"]
[Source "www.chesslib.no"]
[SourceDate "2004.05.04"]

1. c4 Nf6 2. Nc3 g6 3. e4 d6 4. d4 Bg7 5. Be2 O-O 6. Bg5 c5 7. dxc5 Qa5 8. Bd2 dxc5 9. e5 Nfd7 10. f4 Nc6 11. Nf3 f6 12. exf6 1/2-1/2